00815nam a2200217 a 450000100100000000500170001000800410002702000150006804000250008308200140010810000300012224000270015224501420017926000330032130000110035450400320036570000270039770000440042495201120046899900170058000004093420201002034504.0130911s1985 mx 001 0 spa d a9682416736 aDO-SdBNPbspacBNPHU axxxbxxxx1 aDunham, Randall B.96736110aOrganizational surveys10aSalud organizacional :banálisis y diagnóstico internos /cRandall B. Dunham, Frank J. Smith; traducción, Carlos Villegas García. aMéxico, :bTrillas,c1985. a187 p. aBibliografía p: 179 - 1801 aSmith, Frank J.9673621 aVillegas García, Carlosetrad.947034 001050718MOaGRbGRcCTd2013-09-11iLF1l0oxxx xxxxp40934-10r2020-06-25w2020-06-25y1ZNo se presta c40424d40424